000 00751nam a22002057a 4500
999 _c620
_d620
003 AR-CdUCM
008 190220b ||||| |||| 00| 0 spa d
040 _aMUNICIPALIDAD PROVINCIAL DEL CUSCO
_cBIBLIOTECA MUNICIPAL DEL CUSCO
082 _a973 /
_bM26
100 _aMaritain, Jacques
_92421
245 _aAmérica /
_cJacques Maritain ; traducido por Marisa Martínez Corvalán.
260 _a[Buenos Aires] :
_bEmecé Editores,
_c[1958]
300 _a216 páginas. ;
_c21 cm.
500 _aEstudio de la vida estadounidense en sus aspectos político, económico, social y cultural.--Solapa.
650 _aEstados Unidos
_91805
650 _aCivilización
_91048
700 _aMartínez Corvalán, Marisa
_92422
942 _2ddc
_cLIBROS
945 _arac